000 00306nam a22001337a 4500
008 170828b xxu||||| |||| 00| 0 eng d
020 _a0023731204
041 _aeng
080 _28 ED
_a070
100 _a39
101 _aMED
245 _aINTERPRETATIVE REPORTING
_cMACDOUGALL.C.D
942 _2udc
_cBK
999 _c25175
_d25175